| 000 | 00592nam a22001817a 4500 | ||
|---|---|---|---|
| 010 | _aENG-109471 ENG-137874 | ||
| 020 |
_c95.00 _a9788183163231 |
||
| 035 | _aEN-93004 EN-121406 | ||
| 037 | _bDBAD/PUB | ||
| 082 | _a483.1 | ||
| 100 |
_aPuthery, Louis _956349 |
||
| 245 |
_aWords confused and misused/ _cBy Louis Puthery and Edited by E. Ram Bhasker Raju |
||
| 260 |
_aHyderabad _bNeelkamal Publications _c2013 |
||
| 270 |
_aSultan Bazar _bHyderabad _e500095 |
||
| 300 |
_avii,188p. _c22cm(pbk) |
||
| 700 |
_aBhaskar Raju,E. Ram _956350 |
||
| 942 |
_2ddc _cEN _h483.1 _mPUT |
||
| 999 |
_c82785 _d82785 |
||